Kaedah-Kaedah Pesuruhjaya Sumpah 1993 & Commissioners For Oaths Rules 1993 : (Record no. 4277)

000 -LEADER
fixed length control field nam a22 a 4500
003 - CONTROL NUMBER IDENTIFIER
control field AKMAL
005 - DATE AND TIME OF LATEST TRANSACTION
control field 20170526113641.0
008 - FIXED-LENGTH DATA ELEMENTS--GENERAL INFORMATION
fixed length control field 170526s2006 my l 00 may d
020 ## - INTERNATIONAL STANDARD BOOK NUMBER
International Standard Book Number 9678908220 (kkt.):
Terms of availability RM 10.00
082 04 - DEWEY DECIMAL CLASSIFICATION NUMBER
Classification number 347.595016 MAL
090 ## - LOCALLY ASSIGNED LC-TYPE CALL NUMBER (OCLC); LOCAL CALL NUMBER (RLIN)
Classification number (OCLC) (R) ; Classification number, CALL (RLIN) (NR) 347.595016
Local cutter number (OCLC) ; Book number/undivided call number, CALL (RLIN) MAL
110 1# - MAIN ENTRY--CORPORATE NAME
Corporate name or jurisdiction name as entry element Malaysia
9 (RLIN) 400
240 1# - UNIFORM TITLE
Uniform title Kaedah-Kaedah Pesuruhjaya Sumpah 1993
245 10 - TITLE STATEMENT
Title Kaedah-Kaedah Pesuruhjaya Sumpah 1993 & Commissioners For Oaths Rules 1993 :
Remainder of title hingga 20hb Februari 2006/
Statement of responsibility, etc. disusun oleh Lembaga Penyelidikan Undang-Undang
260 ## - PUBLICATION, DISTRIBUTION, ETC.
Place of publication, distribution, etc. Kuala Lumpur :
Name of publisher, distributor, etc. International Law Book Services,
Date of publication, distribution, etc. 2006
300 ## - PHYSICAL DESCRIPTION
Extent 46ms. ;
Dimensions 24cm
500 ## - GENERAL NOTE
General note Teks sejajar dalam bahasa Melayu dan Inggeris
650 ## - SUBJECT ADDED ENTRY--TOPICAL TERM
Topical term or geographic name entry element Notaries
Geographic subdivision Malaysia
9 (RLIN) 8348
740 #2 - ADDED ENTRY--UNCONTROLLED RELATED/ANALYTICAL TITLE
Uncontrolled related/analytical title Commisioners for Oaths Rules 1993
942 ## - ADDED ENTRY ELEMENTS (KOHA)
Source of classification or shelving scheme
Koha item type Book
Holdings
Withdrawn status Lost status Source of classification or shelving scheme Damaged status Not for loan Collection code Home library Current library Shelving location Date acquired Inventory number Total Checkouts Full call number Barcode Date last seen Price effective from Koha item type
          NON-FICTION AKMAL Melaka AKMAL Melaka PINJAMAN 26.05.2017 304784   347.595016 MAL 201705604 26.05.2017 26.05.2017 Book
Pusat Sumber Maklumat Dato' Haji Sarmin Md Hussin, Akademi Kastam Diraja Malaysia, Melaka
Tel: 06-2331106 | Faks: 06-2313787